[Event "Bonn- Krefeld"]
[Site "?"]
[Date "2022.09.11"]
[Round "1.2"]
[White "Suppert, Timur"]
[Black "Van der Valk, Niklas"]
[Result "1-0"]
[WhiteElo "2058"]
[BlackElo "2176"]
[Annotator "daniel"]
[PlyCount "113"]
[SourceVersionDate "2023.06.22"]

1. d4 Nf6 2. Bg5 Ne4 3. Bf4 c5 4. f3 Qa5+ 5. c3 Nf6 6. d5 Qb6 7. e4 Qxb2 8. Nd2
Qxc3 9. Bc7 d6 10. Ne2 Qd3 11. Rc1 g6 12. Nc3 Qe3+ 13. Be2 Bh6 14. Rc2 O-O 15.
Nc4 Qd4 16. Bd3 Nh5 17. Ne2 Qf6 18. e5 dxe5 19. Nxe5 Nf4 20. Nc3 Nxd3+ 21. Nxd3
Bf5 22. Ne4 Bxe4 23. fxe4 Na6 24. Be5 Qb6 25. O-O f6 26. Bg3 Qd8 27. Bf4 g5 28.
Bg3 Rc8 29. Rf5 c4 30. Nf2 c3 31. Qf3 Qb6 32. Rc1 c2 33. d6 exd6 34. Rd5 Rc6
35. Kf1 Nb4 36. Rd2 Nxa2 37. Rcxc2 Rxc2 38. Rxc2 Nb4 39. Rb2 Qa6+ 40. Kg1 Qa1+
41. Nd1 Nc6 42. Rxb7 Kh8 43. h4 gxh4 44. Bxh4 Qe5 45. Nf2 Nd4 46. Qh3 Ne2+ 47.
Kf1 Nf4 48. Qa3 Qh5 49. Bg3 Ne2 50. Bxd6 Rc8 $11 51. g4 Qh4 52. Qxa7 Bf4 53.
Rb8 Ng3+ 54. Kg2 Rg8 55. Rxg8+ Kxg8 56. Qb8+ Kg7 57. Qf8+ 1-0

[Event "Bonn- Krefeld"]
[Site "?"]
[Date "2022.09.11"]
[Round "1.3"]
[White "Panjer, Sidney"]
[Black "Limp, Roland"]
[Result "1-0"]
[WhiteElo "2211"]
[BlackElo "1940"]
[PlyCount "51"]
[SourceVersionDate "2023.06.22"]

1. Nf3 Nf6 2. c4 d6 3. d4 g6 4. Nc3 Bg7 5. e4 O-O 6. Be2 Nbd7 7. O-O e5 8. Re1
c6 9. Bf1 Ng4 10. h3 exd4 11. Nxd4 Qb6 12. hxg4 Bxd4 13. Be3 Bxe3 14. Rxe3 Ne5
15. Be2 Be6 16. Qxd6 Nxc4 17. Bxc4 Bxc4 18. Qf4 Qc5 19. e5 Bd5 20. Rd1 Rae8 21.
b4 Qe7 22. Rxd5 cxd5 23. Nxd5 Qe6 24. Nf6+ Kg7 25. Rh3 h5 26. Rxh5 1-0

[Event "Bonn- Krefeld"]
[Site "?"]
[Date "2022.09.11"]
[Round "1.4"]
[White "Horstmann, Olaf"]
[Black "Van Gool, Rudi"]
[Result "1-0"]
[WhiteElo "2102"]
[BlackElo "2188"]
[PlyCount "67"]
[SourceVersionDate "2023.06.22"]

1. e4 e6 2. d3 d5 3. Qe2 Nf6 4. Nf3 Be7 5. g3 c5 6. Bg2 Nc6 7. O-O O-O 8. e5
Nd7 9. c4 dxc4 10. dxc4 Qc7 11. Bf4 Rd8 12. Nc3 Nf8 13. Rae1 Bd7 14. Bg5 Nd4
15. Nxd4 Bxg5 16. Ndb5 Qb6 17. Nd6 Be7 18. Nxb7 Rdb8 19. Nd6 Bc6 20. Bxc6 Qxc6
21. Rd1 Rd8 22. Nde4 Rd4 23. f4 Rad8 24. Rde1 a6 25. f5 exf5 26. Rxf5 Qe6 27.
Ref1 Ng6 28. Rxf7 Nxe5 29. Nd5 Qxf7 30. Rxf7 Kxf7 31. Qh5+ Ng6 32. Qf5+ Bf6 33.
Ng5+ Ke8 34. Qe6+ 1-0

[Event "Bonn- Krefeld"]
[Site "?"]
[Date "2022.09.11"]
[Round "1.5"]
[White "Dorner, Matthias"]
[Black "Sharma, Vibhor"]
[Result "1-0"]
[WhiteElo "2179"]
[BlackElo "1803"]
[PlyCount "101"]
[SourceVersionDate "2023.06.22"]

1. d4 d5 2. c3 c6 3. Bf4 Nf6 4. Nd2 Bf5 5. Qb3 Qb6 6. f3 Nbd7 7. g4 Bg6 8. h4
h6 9. e3 e6 10. Nh3 c5 11. Qxb6 Nxb6 12. a4 cxd4 13. exd4 Rc8 14. Bb5+ Nfd7 15.
a5 Nc4 16. Nxc4 dxc4 17. Ra4 Bd3 18. Nf2 a6 19. Bxd7+ Kxd7 20. Nxd3 cxd3 21.
Kd2 Be7 22. h5 Rhf8 23. Kxd3 f5 24. Be5 fxg4 25. fxg4 Rf2 26. Rh2 Rf1 27. Bxg7
Rg8 28. Bxh6 Rxg4 29. Bd2 Bd6 30. Re2 Rh1 31. h6 Rh3+ 32. Kc2 e5 33. Ra1 exd4
34. cxd4 Rxd4 35. Rf1 Rc4+ 36. Kb1 Rch4 37. Rf7+ Kc6 38. Rf6 Kd7 39. Rg6 Bf8
40. Rf2 Bd6 41. Rf7+ Kc6 42. Rff6 Rd4 43. Bc3 Rd1+ 44. Kc2 Rhh1 45. Be5 Rc1+
46. Kb3 Rh3+ 47. Ka2 Kb5 48. Rxd6 Kxa5 49. Bc3+ Kb5 50. Rg5+ Kc4 51. Rd4# 1-0

[Event "Bonn- Krefeld"]
[Site "?"]
[Date "2022.09.11"]
[Round "1.6"]
[White "Wahl, Felix"]
[Black "Guddat, Joachim"]
[Result "1/2-1/2"]
[WhiteElo "2093"]
[BlackElo "2126"]
[PlyCount "101"]
[SourceVersionDate "2023.06.22"]

1. e4 c6 2. d4 d5 3. Nc3 dxe4 4. Nxe4 Nf6 5. Nxf6+ gxf6 6. Nf3 Bf5 7. Bc4 e6 8.
Qe2 Nd7 9. O-O Nb6 10. Bb3 Qc7 11. Nh4 Bg6 12. f4 O-O-O 13. c3 Bd6 14. c4 c5
15. Nxg6 hxg6 16. dxc5 Bxc5+ 17. Be3 Nd7 18. Bxc5 Qxc5+ 19. Kh1 f5 20. Rad1 Nf6
21. h3 Ne4 22. Kh2 Rxd1 23. Rxd1 Qc7 24. Qe3 b6 25. Bc2 Nf6 26. Qd4 e5 27. fxe5
Qxe5+ 28. Qxe5 Ng4+ 29. Kg3 Nxe5 30. c5 bxc5 31. Rd5 f6 32. Rxc5+ Kb7 33. Rd5
Kc6 34. Rd1 Rb8 35. Bb3 g5 36. Kf2 a5 37. Rd4 f4 38. Rd2 Rb4 39. g3 fxg3+ 40.
Kxg3 Rf4 41. Bd5+ Kc5 42. a3 Rd4 43. Rxd4 Kxd4 44. Be6 Nd3 45. b4 axb4 46. axb4
Nxb4 47. h4 gxh4+ 48. Kxh4 Ke5 49. Bc8 Nd5 50. Kg3 Ne7 51. Bd7 1/2-1/2

[Event "Bonn- Krefeld"]
[Site "?"]
[Date "2022.09.11"]
[Round "1.7"]
[White "Reuter, Julian"]
[Black "Wagner, Rainer"]
[Result "1-0"]
[WhiteElo "1963"]
[BlackElo "2030"]
[PlyCount "81"]
[SourceVersionDate "2023.06.22"]

1. d4 Nf6 2. Nf3 e6 3. g3 d5 4. Bg2 c6 5. O-O Nbd7 6. Nbd2 Be7 7. c4 O-O 8. Qc2
b6 9. e4 dxe4 10. Nxe4 Nxe4 11. Qxe4 Bb7 12. Rd1 Qc8 13. Qc2 c5 14. d5 exd5 15.
cxd5 h6 16. Bf4 Bf6 17. Nd2 Be5 18. Be3 Bd6 19. Nc4 Qc7 20. Qf5 Bc8 21. Nxd6
Qxd6 22. Bf4 Qf6 23. Qxf6 Nxf6 24. d6 Bg4 25. Re1 Rad8 26. Re7 Bd7 27. Be5 Ne8
28. Bd5 Nf6 29. Bxf6 gxf6 30. Rae1 Bf5 31. Rd1 Kg7 32. Bc6 Rc8 33. d7 Rcd8 34.
Rde1 h5 35. f4 Kg8 36. Re8 Bxd7 37. Rxd8 Rxd8 38. Rd1 Bxc6 39. Rxd8+ Kg7 40.
Rd6 Be4 41. Kf2 1-0

[Event "Bonn- Krefeld"]
[Site "?"]
[Date "2022.09.11"]
[Round "1.8"]
[White "Cremer, Jonas"]
[Black "Schuricht, Emil"]
[Result "1-0"]
[WhiteElo "1846"]
[BlackElo "1666"]
[PlyCount "61"]
[SourceVersionDate "2023.06.22"]

1. e4 c6 2. d4 d5 3. exd5 cxd5 4. c4 Nf6 5. Nc3 Nc6 6. Nf3 Bg4 7. cxd5 Nxd5 8.
Qb3 Bxf3 9. gxf3 e6 10. Qxb7 Nxd4 11. Bb5+ Nxb5 12. Qc6+ Ke7 13. Qc5+ Nd6 14.
Nxd5+ Kd7 15. Nc3 Qb6 16. Qh5 Be7 17. O-O Bf6 18. Be3 g6 19. Qg4 Qa5 20. Rad1
Bxc3 21. bxc3 g5 22. Qd4 Qb6 23. Qf6 Qa6 24. Bc5 Rhf8 25. Rxd6+ Qxd6 26. Bxd6
Kxd6 27. Rd1+ Kc6 28. Qd4 Rad8 29. Qc4+ Kb6 30. Rb1+ Ka5 31. Qb5# 1-0

[Event "Werden- Porz 3"]
[Site "?"]
[Date "2022.09.11"]
[Round "1.1"]
[White "Gallinnis, Norbert"]
[Black "Kaufeld, Juergen"]
[Result "0-1"]
[WhiteElo "2169"]
[BlackElo "2268"]
[PlyCount "84"]
[SourceVersionDate "2023.06.22"]

1. e4 c6 2. b3 d5 3. e5 Bf5 4. Bb2 e6 5. Nf3 Nd7 6. Be2 Ne7 7. O-O h6 8. Re1 g5
9. d4 Bg7 10. c4 O-O 11. Nc3 Bh7 12. Bf1 Nf5 13. h3 Qa5 14. Rc1 Rfd8 15. c5 b6
16. Na4 bxc5 17. dxc5 Rab8 18. Nh2 Qc7 19. Ng4 d4 20. Qe2 Bg6 21. Rc4 h5 22.
Nf6+ Nxf6 23. exf6 Bxf6 24. Qf3 Kg7 25. Bd3 Nh4 26. Qd1 e5 27. Bxg6 Kxg6 28.
Qd3+ Kg7 29. Bc1 Qd7 30. Nb2 Qd5 31. f3 g4 32. hxg4 hxg4 33. Qd2 Rh8 34. fxg4
Rbg8 35. Qe2 Kf8 36. Rb4 Bd8 37. Nd3 Nxg2 38. Rf1 Ne3 39. Bxe3 Qh1+ 40. Kf2
Qh4+ 41. Kg1 Rxg4+ 42. Qxg4 Qxg4+ 0-1

[Event "Werden- Porz 3"]
[Site "?"]
[Date "2022.09.11"]
[Round "1.2"]
[White "Kauch, Markus"]
[Black "Finke, Kai"]
[Result "1/2-1/2"]
[WhiteElo "2136"]
[BlackElo "2104"]
[PlyCount "43"]
[SourceVersionDate "2023.06.22"]

1. Nf3 d5 2. g3 c5 3. Bg2 Nc6 4. d4 Nf6 5. O-O Bg4 6. c4 Bxf3 7. Bxf3 Nxd4 8.
Bg2 e6 9. Nc3 Be7 10. cxd5 exd5 11. e3 Nc6 12. Nxd5 Nxd5 13. Bxd5 Qc7 14. Qf3
Ne5 15. Qe4 Rb8 16. Bd2 O-O 17. Bc3 Bf6 18. Rac1 Rfe8 19. Rfd1 Re7 20. Qf5 Qc8
21. Qxc8+ Rxc8 22. h3 1/2-1/2

[Event "Werden- Porz 3"]
[Site "?"]
[Date "2022.09.11"]
[Round "1.3"]
[White "Evers, Leo"]
[Black "Roth, Markus"]
[Result "0-1"]
[WhiteElo "2071"]
[BlackElo "2159"]
[PlyCount "38"]
[SourceVersionDate "2023.06.22"]

1. e4 e6 2. d4 d5 3. e5 c5 4. c3 Nc6 5. Nf3 Bd7 6. Be2 Nge7 7. O-O Nf5 8. a3
cxd4 9. Bd3 dxc3 10. Nxc3 Nh4 11. Re1 Bc5 12. Nxh4 Qxh4 13. g3 Qh3 14. Nb5 O-O
15. b4 Bxf2+ 16. Kxf2 Qxh2+ 17. Kf1 f6 18. Bf4 fxe5 19. Ra2 Qxg3 0-1

[Event "Werden- Porz 3"]
[Site "?"]
[Date "2022.09.11"]
[Round "1.4"]
[White "ter Steeg, Marcus"]
[Black "Heedt, Thorsten"]
[Result "1/2-1/2"]
[WhiteElo "2028"]
[BlackElo "2093"]
[PlyCount "87"]
[SourceVersionDate "2023.06.22"]

1. d4 g6 2. c4 Bg7 3. e4 d6 4. Nf3 Nf6 5. Nc3 O-O 6. Be2 e5 7. O-O exd4 8. Nxd4
Re8 9. f3 c6 10. Kh1 d5 11. cxd5 cxd5 12. Bb5 Bd7 13. exd5 Bxb5 14. Ndxb5 a6
15. Na3 b5 16. Nc2 Nbd7 17. a3 Nb6 18. Ne3 Qd6 19. Ng4 Nxg4 20. fxg4 Bxc3 21.
bxc3 Qxd5 22. Qc2 Re4 23. Qf2 Qe6 24. Bh6 Re8 25. Rad1 f6 26. h3 Kf7 27. Bg5
Nd7 28. Bxf6 Nxf6 29. g5 Re7 30. Qg3 Qe5 31. Rxf6+ Kg7 32. Qxe5 R4xe5 33. h4
Re3 34. Rxa6 Rxc3 35. Rd5 Rb7 36. Ra8 h6 37. Rdd8 hxg5 38. hxg5 Rb3 39. Rg8+
Kh7 40. Rh8+ Kg7 41. Rag8+ Kf7 42. Rf8+ Kg7 43. Rfg8+ Kf7 44. Rf8+ 1/2-1/2

[Event "Werden- Porz 3"]
[Site "?"]
[Date "2022.09.11"]
[Round "1.5"]
[White "Slowik, Martin"]
[Black "Huette, Stefan"]
[Result "1/2-1/2"]
[WhiteElo "1920"]
[BlackElo "2042"]
[PlyCount "114"]
[SourceVersionDate "2023.06.22"]

1. d4 d6 2. Nc3 g6 3. Bf4 Nd7 4. Nf3 Bg7 5. e4 c5 6. d5 Qa5 7. Qd2 a6 8. Be2 b5
9. O-O Ngf6 10. a3 O-O 11. h3 Rd8 12. Qe3 Bb7 13. Rfd1 Qc7 14. Rd2 Rac8 15.
Rad1 Nh5 16. Bh6 Bh8 17. Re1 b4 18. Nd1 Nhf6 19. c4 bxa3 20. bxa3 Rb8 21. Bf4
Ba8 22. Bf1 Nh5 23. Bh2 Qa5 24. g4 Nhf6 25. e5 dxe5 26. Nxe5 Nxe5 27. Bxe5 Nxg4
28. Qc3 Qxc3 29. Bxc3 Bxc3 30. Nxc3 Nh6 31. Rxe7 Nf5 32. Rc7 Nd4 33. Rd3 Rdc8
34. Rxc8+ Rxc8 35. Ne4 Nf5 36. Bg2 Nh4 37. Bf1 f5 38. Nd2 Kf8 39. f4 h6 40. Rg3
Kf7 41. Nb3 g5 42. fxg5 hxg5 43. Kf2 Kf6 44. Re3 g4 45. hxg4 fxg4 46. Be2 Kg5
47. Re4 Rf8+ 48. Kg3 Nf5+ 49. Kg2 Nh4+ 50. Kg3 Nf5+ 51. Kh2 Rh8+ 52. Kg2 g3 53.
Nxc5 Rh2+ 54. Kg1 Nh4 55. Ne6+ Kf5 56. Rf4+ Ke5 57. Bh5 Rg2+ 1/2-1/2

[Event "Werden- Porz 3"]
[Site "?"]
[Date "2022.09.11"]
[Round "1.6"]
[White "Claussen, Uwe"]
[Black "Thiemonds, Uli"]
[Result "1-0"]
[WhiteElo "2074"]
[BlackElo "2090"]
[PlyCount "117"]
[SourceVersionDate "2023.06.22"]

1. b3 e6 2. Bb2 f5 3. e4 fxe4 4. Qh5+ Ke7 5. Nh3 Nf6 6. Qh4 Ke8 7. Be2 d5 8.
O-O Nc6 9. d3 e5 10. dxe4 Nxe4 11. Bh5+ Kd7 12. Qg4+ Kd6 13. Ba3+ Nc5 14. Qg3
Bxh3 15. Qxh3 a5 16. Nc3 Nd4 17. Rad1 c6 18. Bxc5+ Kxc5 19. Na4+ Kd6 20. Rxd4
b5 21. Qg3 bxa4 22. Re1 Qf6 23. Rxa4 g6 24. f4 Re8 25. fxe5+ Rxe5 26. Bf3 Bh6
27. Rxe5 Qxe5 28. Qxe5+ Kxe5 29. Rxa5 Be3+ 30. Kf1 Kd6 31. Ra6 Kc7 32. Ke2 Bb6
33. Ra4 Re8+ 34. Kd3 Re3+ 35. Kd2 Re7 36. h3 h5 37. c4 d4 38. c5 Bxc5 39. Rc4
Re5 40. b4 Ba7 41. Rxc6+ Kd7 42. Rxg6 Bb8 43. Rg7+ Ke6 44. Rh7 Re3 45. Rxh5 Bf4
46. Kd1 Rd3+ 47. Kc2 Rc3+ 48. Kb1 Be5 49. Rh6+ Kd7 50. Bg4+ Kc7 51. b5 d3 52.
Rc6+ Rxc6 53. bxc6 Kxc6 54. Bf5 d2 55. Kc2 Bf4 56. Bg4 Kd5 57. Kd3 Kc5 58. Ke4
Bh6 59. Bd1 1-0

[Event "Werden- Porz 3"]
[Site "?"]
[Date "2022.09.11"]
[Round "1.7"]
[White "Paulus, Jeffrey"]
[Black "Rehfeldt, Jens"]
[Result "1-0"]
[WhiteElo "1937"]
[BlackElo "2063"]
[PlyCount "85"]
[SourceVersionDate "2023.06.22"]

1. d4 d5 2. c4 Nc6 3. Nc3 e5 4. cxd5 Nxd4 5. Nf3 Nxf3+ 6. gxf3 Bd7 7. e4 Bc5 8.
Qd3 Ne7 9. Be3 Bxe3 10. fxe3 Ng6 11. O-O-O O-O 12. Be2 Qh4 13. Rdg1 a6 14. Bd1
Rfd8 15. Qf1 c6 16. Qe1 Qh6 17. h4 Ne7 18. Kb1 b5 19. Qg3 b4 20. Na4 cxd5 21.
Nb6 Rab8 22. Nxd7 Rxd7 23. Qxe5 Rbd8 24. Ba4 Ng6 25. Qd4 Rc7 26. exd5 Qh5 27.
d6 Rcc8 28. f4 Qc5 29. Rd1 Nf8 30. d7 Rc7 31. Qxc5 Rxc5 32. Rd6 a5 33. Rc1
Rxc1+ 34. Kxc1 g6 35. e4 Kg7 36. Kd2 f6 37. Ke3 Kf7 38. Rd5 Ke7 39. Rxa5 b3 40.
a3 Rb8 41. Rc5 Ne6 42. Rc8 Rb6 43. Re8+ 1-0

[Event "Werden- Porz 3"]
[Site "?"]
[Date "2022.09.11"]
[Round "1.8"]
[White "Mann, Gergely"]
[Black "Wegener, Marcus"]
[Result "1/2-1/2"]
[WhiteElo "1805"]
[BlackElo "2012"]
[PlyCount "87"]
[SourceVersionDate "2023.06.22"]

1. e4 c5 2. Nf3 Nc6 3. Bb5 e5 4. O-O Bd6 5. c3 a6 6. Bxc6 dxc6 7. d4 cxd4 8.
cxd4 Qc7 9. dxe5 Bxe5 10. Nxe5 Qxe5 11. Bd2 Nf6 12. Bc3 Qe7 13. Qf3 Be6 14.
Bxf6 gxf6 15. Rd1 Rg8 16. Nc3 Rg5 17. Qe3 Qc5 18. Nd5 Qxe3 19. Nxe3 Rc5 20. f4
Rd8 21. Rxd8+ Kxd8 22. f5 Bc8 23. Ng4 Ke7 24. Nh6 Rc2 25. Ng8+ Kd6 26. Rd1+ Ke5
27. Rd8 Bxf5 28. exf5 Rxb2 29. Rd7 Kxf5 30. Rxf7 Kg6 31. Rc7 a5 32. Ne7+ Kg5
33. Nc8 a4 34. Nd6 b5 35. Rxc6 b4 36. Rc4 b3 37. h4+ Kh5 38. axb3 a3 39. Ra4 a2
40. Kh2 Rxb3 41. g3 Rb2+ 42. Kh3 Kg6 43. Ne4 Rb4 44. Rxa2 1/2-1/2

[Event "Bielefeld- Letmathe"]
[Site "?"]
[Date "2022.09.11"]
[Round "1.1"]
[White "Haub, Thorsten"]
[Black "Gruen, Gerd- Peter"]
[Result "1-0"]
[WhiteElo "2424"]
[BlackElo "2296"]
[PlyCount "91"]
[SourceVersionDate "2023.06.22"]

1. Nf3 Nf6 2. g3 d5 3. d3 c6 4. Bg2 Bf5 5. Nbd2 e6 6. O-O h6 7. c4 Be7 8. a3
O-O 9. b4 a5 10. Rb1 axb4 11. axb4 Nbd7 12. Bb2 Re8 13. Qb3 Bf8 14. Rfe1 e5 15.
e4 dxe4 16. Nh4 e3 17. Nxf5 exd2 18. Red1 g6 19. Ne3 Qc7 20. Rxd2 Bg7 21. Bc3
Rad8 22. Re1 Nf8 23. Qb2 Nh5 24. c5 Ne6 25. Nc4 Nd4 26. Nd6 Re7 27. Bxd4 exd4
28. Rxe7 Qxe7 29. Re2 Qd7 30. b5 Bf8 31. Qxd4 Bxd6 32. cxd6 Ng7 33. bxc6 bxc6
34. Qc4 Qxd6 35. Be4 c5 36. Ra2 Ne6 37. Bxg6 Qd4 38. Ra7 Rf8 39. Be4 Qxc4 40.
dxc4 Rc8 41. Bd5 Nc7 42. Bb7 Rb8 43. Bc6 Ne6 44. Bd5 Rc8 45. Ra6 Nd4 46. Rxh6
1-0

[Event "Bielefeld- Letmathe"]
[Site "?"]
[Date "2022.09.11"]
[Round "1.3"]
[White "Schleining, Zoya"]
[Black "Goessling, Guido"]
[Result "1-0"]
[WhiteElo "2338"]
[BlackElo "2158"]
[PlyCount "125"]
[SourceVersionDate "2023.06.22"]

1. c4 c6 2. d4 d5 3. Nf3 Nf6 4. Nbd2 Bf5 5. Nh4 Be4 6. Qb3 Qb6 7. f3 Bg6 8. e3
e6 9. Be2 Nbd7 10. O-O Be7 11. Qxb6 axb6 12. Nxg6 hxg6 13. Nb3 Bd6 14. g3 O-O
15. Bd2 Rfe8 16. a3 Rad8 17. cxd5 exd5 18. Kf2 c5 19. Bb5 Re7 20. a4 c4 21. Nc1
Nb8 22. b3 cxb3 23. Nxb3 Rc8 24. Rfc1 Rec7 25. Rxc7 Rxc7 26. Rc1 Rxc1 27. Nxc1
Nc6 28. Na2 Kf8 29. h4 Ke7 30. g4 Ke6 31. Bf1 Ne8 32. Bh3 f5 33. h5 Nf6 34.
hxg6 fxg4 35. Bxg4+ Nxg4+ 36. fxg4 Ne7 37. Bb4 Nxg6 38. Bxd6 Kxd6 39. Nc3 Ne7
40. Kf3 Nc6 41. Kf4 Ke6 42. e4 Nxd4 43. Nxd5 b5 44. Nc7+ Kd7 45. Nxb5 Ne6+ 46.
Kf5 Nc5 47. Nc3 Ke7 48. Kg6 Ne6 49. e5 Kf8 50. Ne4 b6 51. Nc3 Nc5 52. g5 Nd7
53. Kf5 Nc5 54. e6 Ke7 55. Nd5+ Kd6 56. e7 Kd7 57. Kg6 Ne6 58. Nf4 Nxg5 59.
Kxg5 Kxe7 60. Nd5+ Kd6 61. Nxb6 Kc6 62. a5 Kb5 63. Nc4 1-0

[Event "Bielefeld- Letmathe"]
[Site "?"]
[Date "2022.09.11"]
[Round "1.4"]
[White "Beilfuß, Wilfried"]
[Black "Gruermann, Martin"]
[Result "0-1"]
[WhiteElo "2155"]
[BlackElo "2213"]
[PlyCount "140"]
[SourceVersionDate "2023.06.22"]

1. g3 c5 2. Bg2 Nc6 3. c4 g6 4. Nc3 Bg7 5. e3 d6 6. Nge2 Bf5 7. d4 cxd4 8. Nxd4
Nxd4 9. exd4 Qc8 10. Be3 Nf6 11. Qb3 Rb8 12. Rd1 O-O 13. O-O Bh3 14. Rfe1 Bxg2
15. Kxg2 b6 16. h3 Qb7+ 17. d5 Rbc8 18. f3 Nd7 19. Ne4 Qa6 20. Rc1 Nc5 21. Bxc5
bxc5 22. Nc3 Rb8 23. Qc2 Qxc4 24. Rxe7 Rfe8 25. Rce1 Rxe7 26. Rxe7 Bf6 27. Re4
Qa6 28. Ra4 Qb7 29. b3 Bxc3 30. Qxc3 Qxd5 31. Re4 Qc6 32. Qf6 Qd5 33. Re7 c4
34. h4 cxb3 35. axb3 Qxb3 36. Rxa7 Re8 37. Rd7 Re2+ 38. Kh3 Qe6+ 39. Qxe6 Rxe6
40. f4 h5 41. Kg2 Kf8 42. Kf3 Ke8 43. Ra7 Re7 44. Ra8+ Kd7 45. f5 Re5 46. Ra7+
Ke8 47. fxg6 fxg6 48. Rg7 Re6 49. Kf4 d5 50. Kf3 d4 51. Ra7 Re3+ 52. Kf4 Kf8
53. Rd7 Rd3 54. g4 hxg4 55. Kxg4 Rd1 56. Kf4 Ke8 57. Rd5 Kf7 58. h5 Ke6 59. Rg5
gxh5 60. Rxh5 Re1 61. Kf3 d3 62. Rh2 Kd5 63. Rh8 Kd4 64. Rd8+ Kc3 65. Rc8+ Kd2
66. Kf2 Re5 67. Rf8 Rc5 68. Rf7 Kc2 69. Ra7 d2 70. Ra2+ Kd3 0-1

[Event "Bielefeld- Letmathe"]
[Site "?"]
[Date "2022.09.11"]
[Round "1.5"]
[White "Pfleger, Sascha"]
[Black "Forchert, Niko"]
[Result "1/2-1/2"]
[WhiteElo "2013"]
[BlackElo "2153"]
[PlyCount "116"]
[SourceVersionDate "2023.06.22"]

1. e4 d5 2. exd5 Qxd5 3. Nc3 Qa5 4. Nf3 Bg4 5. Be2 Nf6 6. O-O e6 7. h3 Bh5 8.
Nd4 Be7 9. Bxh5 Qxh5 10. Qxh5 Nxh5 11. d3 a6 12. Be3 O-O 13. a3 Nd7 14. Ne4
Nhf6 15. Rad1 h6 16. Nb3 Nd5 17. Bc1 a5 18. c4 N5f6 19. Nc3 Rfd8 20. Na4 c6 21.
c5 Ra6 22. Rfe1 Nd5 23. d4 Bf6 24. Re2 Re8 25. Bd2 Bd8 26. Rc1 Bc7 27. g3 Kf8
28. Rc4 e5 29. dxe5 Nxe5 30. Rc2 Nf3+ 31. Kf1 Nxd2+ 32. Nxd2 Raa8 33. Nc4 Rxe2
34. Rxe2 Re8 35. Ke1 Rxe2+ 36. Kxe2 Ke7 37. Kd3 Ke6 38. b3 f5 39. Nab6 Nf6 40.
f3 Nd7 41. Nxd7 Kxd7 42. f4 Ke6 43. Kd4 g6 44. a4 g5 45. fxg5 hxg5 46. g4 f4
47. Nd2 Be5+ 48. Ke4 Bc3 49. Nf3 Kf6 50. Kd3 Ba1 51. Ke4 Bc3 52. Kd3 Ba1 53.
Nd2 Be5 54. Nc4 Bc7 55. Ke4 Ke6 56. Nd2 Bd8 57. Nf3 Be7 58. Kd4 Bf6+ 1/2-1/2

[Event "Bielefeld- Letmathe"]
[Site "?"]
[Date "2022.09.11"]
[Round "1.6"]
[White "Danielmeier, Ralf"]
[Black "Hunold, Rolf"]
[Result "1/2-1/2"]
[WhiteElo "2070"]
[BlackElo "2020"]
[Annotator "daniel"]
[PlyCount "100"]
[SourceVersionDate "2023.06.22"]

1. e4 c5 2. Nc3 e6 3. Nge2 a6 4. g3 Qc7 5. Bg2 Nf6 6. O-O Be7 7. Re1 O-O 8. d4
cxd4 9. Nxd4 d6 10. Nb3 Nbd7 11. Bf4 Ne5 12. Qe2 Bd7 13. Rad1 Nc4 14. e5 dxe5
15. Bxe5 Nxe5 16. Qxe5 Rac8 17. Qxc7 Rxc7 18. Ne4 Nxe4 19. Bxe4 Bf6 20. c3 Ba4
21. Rd6 Bxb3 22. axb3 Be7 $11 23. Rd3 Rd8 24. Rxd8+ Bxd8 25. Rd1 Be7 26. Kf1 f5
27. Bc2 Kf7 28. Re1 Kf6 29. b4 e5 30. Ba4 g5 31. Rd1 h5 32. Rd5 b6 33. Bd1 h4
34. gxh4 gxh4 35. Kg2 Rc4 36. Be2 Re4 37. Kf1 Kg5 38. Bd3 Rf4 39. Rxe5 Bf6 40.
Re6 a5 41. Rxb6 axb4 42. Rxb4 Rxb4 43. cxb4 Bxb2 44. b5 Bd4 45. Ke2 h3 46. Kf3
Be5 47. Bf1 Kh4 48. Bd3 Kg5 49. Bf1 Kh4 50. Bd3 Kg5 1/2-1/2

[Event "Bielefeld- Letmathe"]
[Site "?"]
[Date "2022.09.11"]
[Round "1.7"]
[White "Heeke, Guido"]
[Black "Roemhild, Markus"]
[Result "0-1"]
[WhiteElo "1873"]
[BlackElo "2049"]
[PlyCount "72"]
[SourceVersionDate "2023.06.22"]

1. c4 c5 2. Nc3 Nc6 3. g3 g6 4. Bg2 Bg7 5. Nf3 d6 6. O-O e5 7. d3 Nge7 8. Bd2
O-O 9. Rb1 h6 10. a3 a5 11. Nb5 Kh7 12. Ne1 Nd4 13. Nxd4 cxd4 14. b4 axb4 15.
axb4 d5 16. c5 f5 17. e3 e4 18. f3 dxe3 19. Bxe3 d4 20. Bf4 e3 21. Bd6 Re8 22.
Qb3 Nc6 23. f4 Be6 24. Bd5 Qd7 25. Nf3 Bxd5 26. Qxd5 Ra3 27. Rfd1 Re6 28. b5
Ne7 29. Qc4 Rc3 30. Qa4 e2 31. Rd2 Re3 32. Kf2 Qe6 33. Ne5 Bxe5 34. fxe5 Qd5
35. Re1 Qf3+ 36. Kg1 Rc1 0-1

[Event "Köln- Kamen"]
[Site "?"]
[Date "2022.09.11"]
[Round "1.1"]
[White "Luetke, Jens"]
[Black "Eichhorn, Andreas"]
[Result "1-0"]
[WhiteElo "2194"]
[BlackElo "2280"]
[PlyCount "51"]
[SourceVersionDate "2023.06.22"]

1. e4 e6 2. d4 d5 3. e5 c5 4. c3 Nc6 5. Nf3 Bd7 6. Be2 f6 7. O-O Qc7 8. c4 fxe5
9. cxd5 Nxd4 10. Nxd4 cxd4 11. dxe6 Bxe6 12. Bb5+ Kf7 13. f4 Nf6 14. fxe5 Qxe5
15. Bd3 Bd6 16. Bf4 Qd5 17. Bxd6 Qxd6 18. Nd2 Bd5 19. Nc4 Bxc4 20. Bxc4+ Kf8
21. Qh5 Qc7 22. Bb3 Rd8 23. Rac1 Qd7 24. Rce1 Rc8 25. Re6 Rc6 26. Rfxf6+ 1-0

[Event "Köln- Kamen"]
[Site "?"]
[Date "2022.09.11"]
[Round "1.3"]
[White "Weidemann, Christian"]
[Black "Nagel, Bernhard"]
[Result "1/2-1/2"]
[WhiteElo "2230"]
[BlackElo "2200"]
[PlyCount "62"]
[SourceVersionDate "2023.06.22"]

1. e4 e5 2. Nf3 Nc6 3. Nc3 Nf6 4. d4 exd4 5. Nxd4 Bb4 6. Nxc6 bxc6 7. Bd3 O-O
8. O-O d5 9. Bd2 Bxc3 10. Bxc3 dxe4 11. Bxf6 Qxf6 12. Bxe4 Qxb2 13. Bxc6 Rb8
14. Rb1 Qxb1 15. Qxb1 Rxb1 16. Rxb1 Rd8 17. h4 Kf8 18. Bf3 Ba6 19. Rb4 c5 20.
Ra4 Rd6 21. c4 Rb6 22. Bd5 Bb7 23. Ra5 Rb1+ 24. Kh2 Bxd5 25. cxd5 c4 26. Rxa7
Rd1 27. Rc7 Rxd5 28. a4 Rd2 29. Kg3 Rc2 30. a5 Ra2 31. Rxc4 Rxa5 1/2-1/2

[Event "Köln- Kamen"]
[Site "?"]
[Date "2022.09.11"]
[Round "1.4"]
[White "Loseries, Uwe"]
[Black "Kleinegger, Frank"]
[Result "1/2-1/2"]
[WhiteElo "2200"]
[BlackElo "2164"]
[PlyCount "68"]
[SourceVersionDate "2023.06.22"]

1. d4 Nf6 2. c4 e6 3. Nf3 d5 4. Bg5 Be7 5. Nc3 O-O 6. e3 h6 7. Bh4 Ne4 8. Bxe7
Qxe7 9. Rc1 Nxc3 10. Rxc3 c6 11. Be2 Nd7 12. O-O dxc4 13. Bxc4 e5 14. dxe5 Nxe5
15. Nxe5 Qxe5 16. f4 Qf6 17. f5 b5 18. Bb3 b4 19. Rc5 Ba6 20. Rf2 Rad8 21. Qg4
Rfe8 22. Qxb4 Rxe3 23. h3 Qe7 24. f6 Re1+ 25. Kh2 gxf6 26. Qg4+ Kh8 27. Rh5
Qd6+ 28. g3 Qd2 29. Qf5 Qxf2+ 30. Qxf2 Re2 31. Qxe2 Bxe2 32. g4 Rd2 33. Kg3 Kg7
34. Rc5 Rxb2 1/2-1/2

[Event "Köln- Kamen"]
[Site "?"]
[Date "2022.09.11"]
[Round "1.5"]
[White "Georg, Heinz"]
[Black "Cramer, Volker"]
[Result "0-1"]
[WhiteElo "2184"]
[BlackElo "2032"]
[PlyCount "108"]
[SourceVersionDate "2023.06.22"]

1. e4 e6 2. d4 d5 3. Nc3 Nf6 4. Bg5 Be7 5. e5 Nfd7 6. h4 h6 7. Bxe7 Qxe7 8. Nb5
Nb6 9. Qd2 a6 10. Na3 c5 11. Qa5 N6d7 12. dxc5 Nc6 13. Qc3 Nxc5 14. Nf3 Ne4 15.
Qb3 Qc5 16. Be2 Qxf2+ 17. Kd1 Qc5 18. Re1 b5 19. c3 b4 20. cxb4 Nxb4 21. Rc1
Nf2+ 22. Kd2 Qa5 23. Ke3 Ne4 24. Nd4 Bd7 25. Bf3 Nc5 26. Qc3 Ncd3 27. Nc4 dxc4
28. Bxa8 Qxe5+ 29. Kd2 Qf4+ 30. Re3 Nxa2 31. Ne2 Qd6 32. Qxg7 Qb4+ 33. Nc3
Ndxc1 34. Qxh8+ Ke7 35. Kd1 Qb3+ 36. Ke1 Nd3+ 37. Rxd3 cxd3 38. Ne4 Qb4+ 39.
Kf1 Be8 40. Qe5 d2 41. Qc7+ Kf8 42. Qc2 Bb5+ 43. Kg1 Qd4+ 44. Nf2 Be2 45. Kh2
Qxh4+ 46. Kg1 Qxf2+ 47. Kxf2 d1=Q 48. Qc5+ Kg8 49. Qe3 Bd3 50. Qd4 Qe2+ 51. Kg1
Nc1 52. Bf3 Qe1+ 53. Kh2 Bg6 54. Bb7 a5 0-1

[Event "Köln- Kamen"]
[Site "?"]
[Date "2022.09.11"]
[Round "1.6"]
[White "Senay, Boris"]
[Black "Seepe, Udo"]
[Result "1/2-1/2"]
[WhiteElo "1946"]
[BlackElo "2135"]
[PlyCount "85"]
[SourceVersionDate "2023.06.22"]

1. Nf3 c5 2. c4 g6 3. e3 Nf6 4. b3 Bg7 5. Bb2 O-O 6. Be2 Nc6 7. O-O b6 8. d4
cxd4 9. Nxd4 Nxd4 10. Bxd4 Bb7 11. Bf3 Qc7 12. Nc3 Bxf3 13. Qxf3 Qc6 14. e4
Rfe8 15. Rad1 d6 16. Rfe1 Nd7 17. Bxg7 Kxg7 18. Nd5 Rac8 19. Qe3 Qc5 20. Qh3
Ne5 21. Qh4 Nc6 22. Re3 b5 23. Rh3 h5 24. Ne3 Nd4 25. b4 Qe5 26. cxb5 g5 27.
Qxh5 Rh8 28. Nf5+ Qxf5 29. Qxh8+ Rxh8 30. exf5 Rc8 31. g4 Nxb5 32. Kg2 Rc4 33.
Rb3 Rxg4+ 34. Kf1 Rh4 35. h3 Nd4 36. Ra3 Nb5 37. Rb3 Nd4 38. Ra3 Nb5 39. Ra5
Rxb4 40. a4 Nc3 41. Ra1 Rb7 42. f3 Kf6 43. Ke1 1/2-1/2